Statistics for National Anthem of Oceania - Lyrics

Click here to take the quiz!

General Stats

  • This quiz has been taken 18 times
  • The average score is 37 of 54

Answer Stats

Anthem% Correct
for
92%
tis
92%
Oceania
92%
and
92%
the
92%
Strong
85%
thee,
85%
we
85%
thee.
85%
to
77%
fight
77%
people
77%
wise
69%
our
69%
world
69%
fighting
69%
brave,
69%
peaceful
69%
whole
62%
save,
62%
deed
62%
has
54%
every
54%
seen!
54%
been
54%
glory
54%
such
54%
look
54%
never
54%
at
54%
alive,
54%
keep
54%
strive
54%
revolution
54%
before
46%
banners
46%
unfurl
46%
great
46%
ceaselessly
46%
will
46%
thought
46%
screens
23%

Score Distribution

Percentile by Number Answered

Percent of People with Each Score

Your Score History

You have not taken this quiz